[Event "Dortmund ABC Aufstreber 18th"]
[Site "Dortmund"]
[Date "2002.11.29"]
[Round "11"]
[White "Wengelnik, Erwin"]
[Black "Gerke, Dieter"]
[Result "0-1"]
[WhiteElo "1385"]
[BlackElo "1500"]
[PlyCount "52"]
[EventDate "2002.10.11"]
[EventType "tourn"]
[EventRounds "13"]
[EventCountry "GER"]
[SourceTitle "EXT 2004"]
[Source "ChessBase"]
[SourceDate "2003.11.25"]
[SourceVersion "1"]
[SourceVersionDate "2003.11.25"]
[SourceQuality "1"]

1. Nf3 c5 2. c3 e6 3. d4 d5 4. g3 Nc6 5. Bg2 Bd6 6. 0-0 Nf6 7. Nbd2 Bd7 8. Qc2 cxd4 9. cxd4 Rc8 10. Qb1 Nb4 11. a3 Nc2 12. Ra2 Bb5 13. b4 Qc7 14. Rxc2 Qxc2 15. Qxc2 Rxc2 16. Re1 0-0 17. Nf1 Rxe2 18. Rd1 Ne4 19. Be3 Ra2 20. Ng5 Nc3 21. Re1 Rxa3 22. Bf4 Bxf4 23. gxf4 Ne2+ 24. Rxe2 Bxe2 25. f3 h6 26. Kf2 Bxf1 0-1

[Event "Dortmund ABC Aufstreber 18th"]
[Site "Dortmund"]
[Date "2002.10.22"]
[Round "3"]
[White "Wengelnik, Erwin"]
[Black "Wolff, Holger"]
[Result "0-1"]
[WhiteElo "1385"]
[BlackElo "1493"]
[PlyCount "112"]
[EventDate "2002.10.11"]
[EventType "tourn"]
[EventRounds "13"]
[EventCountry "GER"]
[SourceTitle "EXT 2004"]
[Source "ChessBase"]
[SourceDate "2003.11.25"]
[SourceVersion "1"]
[SourceVersionDate "2003.11.25"]
[SourceQuality "1"]

1. d4 d5 2. Nf3 Nf6 3. g3 c6 4. Bg2 Bf5 5. Nbd2 h6 6. c3 Nbd7 7. 0-0 e6 8. Re1 Be7 9. Qb3 Qb6 10. e3 Qxb3 11. Nxb3 b6 12. Nbd2 0-0 13. a4 Rac8 14. Kh1 c5 15. dxc5 Nxc5 16. a5 b5 17. Nd4 Bd3 18. Bf1 Bxf1 19. Rxf1 a6 20. f3 Nfd7 21. Kg2 Ne5 22. N4b3 Nxb3 23. Nxb3 Nc4 24. Re1 f5 25. f4 Kf7 26. Nd2 Bd8 27. Nxc4 bxc4 28. Ra4 Rc5 29. Bd2 Bc7 30. Rea1 Rb8 31. Rb4 Rbb5 32. Rxb5 Rxb5 33. Bc1 Rxa5 34. Rxa5 Bxa5 35. Kf3 Bb6 36. Bd2 Bc5 37. Ke2 Ke7 38. Kd1 Kd6 39. Ke2 a5 40. h3 Kc6 41. Kd1 a4 42. h4 g6 43. Ke2 a3 44. bxa3 Bxa3 45. Kd1 Kd6 46. Ke2 e5 47. Kf3 exf4 48. Kxf4 Ke6 49. Be1 Bc1 50. Kf3 Ke5 51. Ke2 Ke4 52. Bf2 h5 53. Bg1 Bb2 54. Kd2 Kf3 55. Kc2 Ba3 56. Kd2 Kg2 0-1

[Event "Dortmund2"]
[Site "Dortmund"]
[Date "2002.04.19"]
[Round "3"]
[White "Szablewicz, Christof"]
[Black "Wengelnik, Erwin"]
[Result "0-1"]
[WhiteElo "1365"]
[BlackElo "1332"]
[PlyCount "43"]
[EventDate "2002.04.10"]
[EventType "tourn"]
[EventRounds "13"]
[EventCountry "GER"]
[SourceTitle "EXT 2007"]
[Source "ChessBase"]
[SourceDate "2006.11.23"]
[SourceVersion "1"]
[SourceVersionDate "2006.11.23"]
[SourceQuality "1"]

1. e4 e6 2. f4 b6 3. Nf3 Bb7 4. e5 h6 5. d4 Ne7 6. Bd3 Nd5 7. a3 c5 8. Be4 Qc7 9. c4 Nxf4 10. Bxb7 Nxg2+ 11. Kf2 Qxb7 12. Kxg2 cxd4 13. b4 Nc6 14. Kf2 Be7 15. h4 Rd8 16. Qg1 g6 17. Bb2 d5 18. Bxd4 Nxd4 19. Nxd4 dxc4 20. Nf3 0-0 21. Nc3 Rd3 22. Ng5 0-1